| 000 | 01838cam a22003611i 4500 | ||
|---|---|---|---|
| 003 | SA-RiAUC | ||
| 005 | 20241212092021.0 | ||
| 008 | 241211s1989 su g 00010 ara c | ||
| 040 |
_aSA-MdTU _bara _cSA-RiAUC _erda |
||
| 082 | 0 | 4 |
_a255.3 _qSA-RiAUC |
| 090 |
_a255.3 _b ك ت ا |
||
| 245 | 0 | 0 |
_aكتابان في اللواط ... / _cتحقيق خالد علي محمد. |
| 250 | _aالطبعة الأولى. | ||
| 264 | 1 |
_aالرياض : _bمكتبة الصفحات الذهبية، _c[1989] |
|
| 300 |
_a300 صفحة ؛ _c24 سم. |
||
| 336 |
_aنص _btxt _2rdacontent _3كتاب |
||
| 337 |
_aبدون وسيط _bn _2rdamedia |
||
| 338 |
_aمجلد _bnc _2rdacarrier |
||
| 490 | 0 | _aروائع تراثنا الإسلامي | |
| 504 | _aيشتمل على إرجاعات ببليوجرافية. | ||
| 505 | 0 |
_tذم اللواط وما ورد في التشدد والنهي عنه / _tتحريم اللواط / _rأبو محمد الهيثم بن خلف الدوري- _rمحمد بن الحسين بن عبد الله الآجري. |
|
| 650 | 7 |
_aاللواط (فقه إسلامي) _2aucsh |
|
| 650 | 7 |
_aالكبائر (شريعة إسلامية) _2aucsh |
|
| 650 | 7 |
_aالحظر والإباحة _2aucsh |
|
| 650 | 7 |
_aالزنا (فقه إسلامي) _2aucsh |
|
| 700 | 1 |
_aمحمد، خالد علي _eمحقق. |
|
| 700 | 1 | 2 |
_iمع (عمل) : _aالآجري، محمد بن الحسين بن عبد الله، _dتوفي 360 هجري. _tتحريم اللواط. |
| 700 | 1 | 2 |
_iمع (عمل) : _aالدوري، الهيثم بن خلف، _dتوفي 307 هجري. _tذم اللواط وما ورد في التشدد والنهي عنه. |
| 740 | 0 | 2 | _aذم اللواط وما ورد في التشدد والنهي عنه. |
| 740 | 0 | 2 | _aتحريم اللواط. |
| 942 |
_2ddc _cBOOK _n0 |
||
| 949 |
_aSA-JeALM _d241211 _uosman123 _n1 |
||
| 999 |
_c3421 _d3421 |
||